Statistics for Biggest cities in Afghanistan

Click here to take the quiz!

General Stats

  • This quiz has been taken 3 times
  • The average score is 3 of 14

Answer Stats

PopulationCities% Correct
3.07 mil.Kabul
100%
512.2 ths.
Kandahar
100%
205.4 ths.
Jalalabad
67%
375 ths.Mazar-i-Sharif
33%
109.4 ths.Farah
0%
154.6 ths.Ghazni
0%
397.4 ths.Heart
0%
160.2 ths.Khost
0%
230.6 ths.Kunduz
0%
201.5 ths.Lashkar Gah
0%
191.6 ths.Puli Khumri
0%
136 ths.Sar-e Pol
0%
148.3 ths.Sheberghan
0%
196.4 ths.Taloqan
0%

Score Distribution

Percentile by Number Answered

Percent of People with Each Score

Your Score History

You have not taken this quiz